Aktuálny vývoj vybraných ukazovateľov znalostnej ekonomiky a ich vplyv na konkurencieschopnosť v regióne V4

Gespeichert in:
Bibliographische Detailangaben
1. Verfasser: Kendera, Tomáš
Format: Buchkapitel
Sprache:Slowakisch
Tags: Tag hinzufügen
Keine Tags, Fügen Sie das erste Tag hinzu!

MARC

LEADER 00000nla a2200000 4500
001 0182947
005 20240502073128.9
041 0 |a slo 
044 |a SK 
245 1 0 |a Aktuálny vývoj vybraných ukazovateľov znalostnej ekonomiky a ich vplyv na konkurencieschopnosť v regióne V4  |c Tomáš Kendera 
100 1 |a Kendera, Tomáš